000 00285nam a22001337a 4500
008 180313b xxu||||| |||| 00| 0 eng d
020 _a9781884731112
041 _aeng
080 _a37
100 _a25
101 _aEDU
245 _aTEAM HANDBOOK
_cSCHOLTES.P.R
942 _2udc
_cBK
999 _c44921
_d44921